00742nam a22001937a 450000500170000000800410001702000180005805000200007608200200009608200200011610000270013624500300016325000170019326000300021030000360024050502220027665000120049870000380051020231102151731.0140909s2008 sp a|||| |||| 00| 0 spa d a9788446006749 aBJ319bC67 2008 4a170bC829e 2008 4a170bC668e 20081 aCortina, Adelaeautora1 aÉticac / Adela Cortina a4a edición3 aMéxicob : Akalc, 2008 a184 páginasb : ilustraciones aI. El ámbito de la filosofía práctica II. ¿En qué consiste lo moral? III. Breve historia de la ética IV. Las clasificaciones éticas V. Argumentación moral y fundamentación ética VI. Ética aplicada10aÉTICA1 aMartínez Navarro, Emilioeautor